| 000 | 00000nam 2200000zi 4500 |
| 001 | 9.946651 |
| 003 | CaOODSP |
| 005 | 20250303103444 |
| 006 | m o d f |
| 007 | cr |n||||||||| |
| 008 | 250108s1949 oncad ob f000 0 eng d |
| 040 | |aCaOODSP|beng|erda|cCaOODSP |
| 043 | |an-cn-ab |
| 086 | 1 |aA52-206/1949E-PDF |
| 086 | 1 |zA51-138E-PDF |
| 100 | 1 |aHargrave, H. J., |eauthor. |
| 245 | 10|aDominion Range Experiment Station, Manyberries, Alberta : |bprogress report, 1937-1947 / |cH. J. Hargrave. |
| 264 | 1|aOttawa : |bMinister of Agriculture, |c[1949] |
| 300 | |a1 online resource (64 pages) : |billustrations, charts |
| 336 | |atext|btxt|2rdacontent |
| 337 | |acomputer|bc|2rdamedia |
| 338 | |aonline resource|bcr|2rdacarrier |
| 500 | |aDigitized edition from print [provided by Agriculture and Agri-Food Canada]. |
| 504 | |aIncludes bibliographical references (page 64). |
| 610 | 25|bDominion Range Experiment Station (Manyberries, Alta.) |
| 610 | 25|bDominion Range Experiment Station (Manyberries, Alb.) |
| 650 | 0|aAgricultural experiment stations|zAlberta|zManyberries. |
| 650 | 6|aStations agronomiques|zAlberta|zManyberries. |
| 710 | 2 |bDominion Range Experiment Station (Manyberries, Alta.), |eissuing body. |
| 710 | 1 |aCanada. |bExperimental Farms Service, |eissuing body. |
| 856 | 40|qPDF|s19.10 MB|uhttps://publications.gc.ca/collections/collection_2025/aac-aafc/A51-138-1947-eng.pdf |